Fundamentals of electric drives (Record no. 12326)

000 -LEADER
fixed length control field 00375nam a2200145 4500
020 ## - INTERNATIONAL STANDARD BOOK NUMBER
International Standard Book Number 9788131510049
082 ## - DEWEY DECIMAL CLASSIFICATION NUMBER
Classification number 621.46 ELS
100 ## - MAIN ENTRY--PERSONAL NAME
Personal name El-Sharkawi, Mohamed A.
245 ## - TITLE STATEMENT
Title Fundamentals of electric drives
260 ## - PUBLICATION, DISTRIBUTION, ETC.
Place of publication, distribution, etc. New Delhi, India
Name of publisher, distributor, etc. Cenage Learning
Date of publication, distribution, etc. 2000
300 ## - PHYSICAL DESCRIPTION
Extent xii, 314 p.
Other physical details ill. ;
500 ## - GENERAL NOTE
General note Includes index.
650 ## - SUBJECT ADDED ENTRY--TOPICAL TERM
Topical term or geographic name entry element Electric driving.
942 ## - ADDED ENTRY ELEMENTS (KOHA)
Koha item type Book
Holdings
Withdrawn status Lost status Damaged status Not for loan Collection code Permanent Location Current Location Shelving location Date acquired Source of acquisition Cost, normal purchase price Total Checkouts Full call number Barcode Date last seen Date last checked out Price effective from Koha item type
          Central Library (CL) Central Library (CL) General Stacks 12/27/2013 Saeed Book Bank 479.60 1 621.46 ELS SEECS012724 04/07/2015 02/18/2015 12/25/2013 Book
© 2023 Central Library, National University of Sciences and Technology. All Rights Reserved.